000 00684nam a2200205Ia 4500
003 GCL
008 140319s9999 xx 000 0 ara d
040 _aGCL /
_cGCL
082 0 4 _aق
_b355.02182
_bح ا
100 1 _aويليام كوانت
245 1 0 _aامريكا والعرب واسرائيل : عشر سنوات حاسمة (1967 - 1977) /
_cويليام كوانت
700 1 _aعبدالعظيم حماد
260 _a[S.N] :
_bدار المعارف ،
_c1980
300 _a447 ص
490 _aكتب اكتوبر
_v0
650 0 4 _aالنزاع العربى الاسرائيلى
650 0 4 _aاسرائيل
650 0 4 _aحرب اكتوبر 1973
942 _2ddc
_cBK
999 _c58146
_d58146